000 00504nam a2200181Ia 4500
008 240925s9999 xx 000 0 und d
020 _a74634569
082 _a004 WIL
100 _awilliams ,Timothy J .
245 0 _aMultimedia Chuice Questions in Computer Scence
250 _aNA
260 _aNew Delhi:
_bTata McGraw Hill
_c,2001.
300 _axviii,846p.
_bNA
_fPirated
500 _aNA
600 _aComputer Science
650 _aComputer science, information & general works
942 _cBK
999 _c6510
_d6510